[Event "RUS-ch Blitz Men 2018"]
[Site "Sochi"]
[Date "2018.10.07"]
[Round "2"]
[White "Varnazov, Lev"]
[Black "Sarana, Alexey"]
[Result "0-1"]
[WhiteElo "1973"]
[BlackElo "2641"]
[Annotator "TA"]
[PlyCount "70"]
[EventDate "2018.10.07"]
[EventType "swiss"]
[EventCountry "RUS"]
[SourceTitle "playchess.com"]
[Source "ChessBase"]
[SourceQuality "1"]

1. d4 Nf6 2. Nf3 g6 3. Bg5 Bg7 4. c3 c5 5. e3 Qb6 6. Qb3 O-O 7. Nbd2 d6 8. Bd3 Be6 9. c4 h6 10. Bh4 Bg4 11. h3 Bxf3 12. Nxf3 Nc6 13. d5 Qxb3 14. axb3 Nb4 15. Ke2 g5 16. Bg3 Nh5 17. Rab1 Nxg3+ 18. fxg3 a5 19. Rhd1 a4 20. bxa4 Rxa4 21. Rd2 Rfa8 22. Ne1 Be5 23. g4 Ra1 24. Rxa1 Rxa1 25. Nc2 Nxc2 26. Rxc2 Rb1 27. Rd2 Rg1 28. Kf2 Ra1 29. b3 Ra3 30. Bc2 Kg7 31. Ke2 Ra2 32. Bd1 Ra1 33. Bc2 Rg1 34. Kf2 Rc1 35. Ke2 Bc3 0-1

[Event "RUS-ch Blitz Men 2018"]
[Site "Sochi"]
[Date "2018.10.07"]
[Round "2"]
[White "Nakhodkin, Gennadiy"]
[Black "Panarin, Mikhail"]
[Result "0-1"]
[WhiteElo "1953"]
[BlackElo "2562"]
[Annotator "TA"]
[PlyCount "88"]
[EventDate "2018.10.07"]
[EventType "swiss"]
[EventCountry "RUS"]
[SourceTitle "playchess.com"]
[Source "ChessBase"]
[SourceQuality "1"]

1. d4 Nf6 2. Bg5 Ne4 3. Bf4 d5 4. Nd2 Bf5 5. Nxe4 Bxe4 6. e3 c6 7. c3 Nd7 8. Nf3 Qb6 9. Qb3 Bxf3 10. gxf3 e6 11. Be2 Be7 12. Rg1 g6 13. e4 a5 14. Qxb6 Nxb6 15. Be5 Rg8 16. Bc7 Nd7 17. O-O-O Nf6 18. Bd3 Kd7 19. Be5 Nh5 20. Bg3 Bd6 21. e5 Be7 22. f4 Bf8 23. Be2 Ng7 24. Kc2 Nf5 25. Bd3 Bh6 26. a4 Raf8 27. h4 Ng7 28. Be2 Nh5 29. Bxh5 gxh5 30. Bh2 Rg6 31. Kd3 Rfg8 32. Rxg6 Rxg6 33. Ke3 Rg4 34. Bg3 Bf8 35. Rg1 Be7 36. Rh1 Ke8 37. Rh3 b5 38. b3 Kd7 39. f3 Rg8 40. Bf2 bxa4 41. bxa4 c5 42. Rg3 Rb8 43. Rg7 Rb3 44. Kd3 Rb2 0-1

[Event "RUS-ch Blitz Men 2018"]
[Site "Sochi"]
[Date "2018.10.07"]
[Round "3"]
[White "Artemiev, Vladislav"]
[Black "Usmanov, Vasily"]
[Result "1-0"]
[WhiteElo "2706"]
[BlackElo "2453"]
[Annotator "TA"]
[PlyCount "55"]
[EventDate "2018.10.07"]
[EventType "swiss"]
[EventCountry "RUS"]
[SourceTitle "playchess.com"]
[Source "ChessBase"]
[SourceQuality "1"]

1. d4 d5 2. Nf3 e6 3. Bf4 c5 4. e3 Nc6 5. Nbd2 Nf6 6. c3 Be7 7. h3 O-O 8. Bd3 Nh5 9. Bh2 c4 10. Bc2 f5 11. b3 b5 12. bxc4 bxc4 13. Ba4 Bd7 14. Rb1 Nf6 15. O-O Ne4 16. Nxe4 fxe4 17. Ne5 Nxe5 18. Bxe5 Bd6 19. Bxd6 Bxa4 20. Qxa4 Qxd6 21. Rb7 Rf7 22. Rfb1 Rxb7 23. Rxb7 a6 24. Rd7 Qb6 25. Qa3 Rf8 26. Qe7 Qb1+ 27. Kh2 Qb8+ 28. Rc7 1-0

[Event "RUS-ch Blitz Men 2018"]
[Site "Sochi"]
[Date "2018.10.07"]
[Round "3"]
[White "Tomashevsky, Evgeny"]
[Black "Gutenev, Alexander"]
[Result "0-1"]
[WhiteElo "2705"]
[BlackElo "2456"]
[Annotator "TA"]
[PlyCount "116"]
[EventDate "2018.10.07"]
[EventType "swiss"]
[EventCountry "RUS"]
[SourceTitle "playchess.com"]
[Source "ChessBase"]
[SourceQuality "1"]

1. c4 Nf6 2. Nc3 d5 3. cxd5 Nxd5 4. g3 g6 5. Bg2 Nxc3 6. bxc3 Bg7 7. Rb1 Nc6 8. Nf3 O-O 9. O-O b6 10. Bb2 Bb7 11. Nd4 Na5 12. Bxb7 Nxb7 13. Qc2 c5 14. Nf3 Qc8 15. c4 Bxb2 16. Rxb2 Re8 17. Rb3 Qc6 18. Re3 Rad8 19. h4 Nd6 20. h5 Nf5 21. Re4 Nd4 22. Nxd4 Rxd4 23. Rxd4 cxd4 24. d3 Qc5 25. hxg6 hxg6 26. Rb1 Kg7 27. Rb5 Qc6 28. Qd2 Rh8 29. f3 Qe6 30. Qb2 f6 31. Rd5 Qh3 32. Kf2 Qh2+ 33. Ke1 Qg1+ 34. Kd2 Qe3+ 35. Kc2 Qxe2+ 36. Kb3 Qxd3+ 37. Kb4 Rc8 38. Qxd4 Qxf3 39. Rd7 Qe2 40. a4 Qe1+ 41. Kb3 Rc5 42. Rxa7 Re5 43. a5 Re3+ 44. Ka4 bxa5 45. Qc5 Re5 46. Qa3 Qd1+ 47. Qb3 Qa1+ 48. Qa3 Qd1+ 49. Qb3 Qd6 50. Rxa5 Qc6+ 51. Rb5 Qa6+ 52. Kb4 Qd6+ 53. Ka5 Re1 54. Qc3 Qc7+ 55. Ka4 Re4 56. Kb3 Qc6 57. Rb4 Qe6 58. Ka4 Re3 0-1

[Event "RUS-ch Blitz Men 2018"]
[Site "Sochi"]
[Date "2018.10.07"]
[Round "3"]
[White "Dubov, Daniil"]
[Black "Sviridov, Valery"]
[Result "0-1"]
[WhiteElo "2703"]
[BlackElo "2551"]
[Annotator "TA"]
[PlyCount "42"]
[EventDate "2018.10.07"]
[EventType "swiss"]
[EventCountry "RUS"]
[SourceTitle "playchess.com"]
[Source "ChessBase"]
[SourceQuality "1"]

1. Nf3 Nf6 2. g3 b6 3. Bg2 Bb7 4. O-O g6 5. c4 c5 6. Nc3 Bg7 7. d4 cxd4 8. Qxd4 d6 9. Qh4 h6 10. Rd1 Nbd7 11. Rb1 Rc8 12. b3 Rc5 13. Be3 Rh5 14. Qd4 O-O 15. Qd2 Qa8 16. h3 Ne5 17. g4 Bxf3 18. exf3 Rxh3 19. Qe2 Nxf3+ 20. Kf1 Nxg4 21. Nd5 Ngh2# 0-1

[Event "RUS-ch Blitz Men 2018"]
[Site "Sochi"]
[Date "2018.10.07"]
[Round "3"]
[White "Riazantsev, Alexander"]
[Black "Alexeev, Alexey"]
[Result "1-0"]
[WhiteElo "2649"]
[BlackElo "2287"]
[Annotator "TA"]
[PlyCount "57"]
[EventDate "2018.10.07"]
[EventType "swiss"]
[EventCountry "RUS"]
[SourceTitle "playchess.com"]
[Source "ChessBase"]
[SourceQuality "1"]

1. Nf3 Nf6 2. e3 c5 3. b3 g6 4. Bb2 Bg7 5. c4 O-O 6. Be2 b6 7. O-O Bb7 8. d4 cxd4 9. Nxd4 d5 10. Nd2 Nc6 11. N4f3 Rc8 12. Rc1 dxc4 13. Nxc4 Qxd1 14. Rfxd1 Rfd8 15. Rxd8+ Rxd8 16. Kf1 Ne4 17. Bxg7 Kxg7 18. Ke1 f6 19. a3 Nc5 20. b4 Nd3+ 21. Bxd3 Rxd3 22. Ke2 Rd7 23. Nfd2 Kf7 24. f3 Ba6 25. Ke1 Bxc4 26. Nxc4 Rd3 27. Ke2 Rb3 28. Nd2 Nxb4 29. Nxb3 1-0

[Event "RUS-ch Blitz Men 2018"]
[Site "Sochi"]
[Date "2018.10.07"]
[Round "3"]
[White "Rakhmanov, Aleksandr"]
[Black "Fakhrutdinov, Timur"]
[Result "1-0"]
[WhiteElo "2634"]
[BlackElo "2472"]
[Annotator "TA"]
[PlyCount "99"]
[EventDate "2018.10.07"]
[EventType "swiss"]
[EventCountry "RUS"]
[SourceTitle "playchess.com"]
[Source "ChessBase"]
[SourceQuality "1"]

1. c4 Nf6 2. Nc3 e6 3. e4 d5 4. exd5 exd5 5. d4 Bb4 6. Bd3 O-O 7. Nge2 dxc4 8. Bxc4 Nbd7 9. O-O Nb6 10. Bb3 h6 11. Nf4 Bd6 12. h3 c6 13. Qf3 Bxf4 14. Bxf4 Nbd5 15. Be5 Be6 16. Na4 Nd7 17. Bd6 Re8 18. Nc5 Nxc5 19. dxc5 Qf6 20. Qxf6 Nxf6 21. Bc2 Bd5 22. f3 Re2 23. Rf2 Rae8 24. Bd3 Re1+ 25. Rf1 Rxf1+ 26. Bxf1 Nd7 27. Kf2 f6 28. b3 Kf7 29. Rd1 Ne5 30. Rd4 Rd8 31. Ra4 a6 32. Rb4 Rd7 33. Rd4 Ke6 34. Bb8 Kf7 35. Ba7 Be6 36. Ke3 Rxd4 37. Kxd4 Nd7 38. Bd3 Ke7 39. Bc2 Kd8 40. Bb6+ Nxb6 41. cxb6 Ke7 42. Kc5 Bd7 43. Bd3 Kd8 44. Kd6 Bc8 45. b4 g5 46. a4 h5 47. a5 h4 48. Bf1 f5 49. Be2 f4 50. Bf1 1-0

[Event "RUS-ch Blitz Men 2018"]
[Site "Sochi"]
[Date "2018.10.07"]
[Round "3"]
[White "Grachev, Boris"]
[Black "Moiseenko, Vadim"]
[Result "1-0"]
[WhiteElo "2626"]
[BlackElo "2492"]
[Annotator "TA"]
[PlyCount "123"]
[EventDate "2018.10.07"]
[EventType "swiss"]
[EventCountry "RUS"]
[SourceTitle "playchess.com"]
[Source "ChessBase"]
[SourceQuality "1"]

1. d4 Nf6 2. Bf4 b6 3. e3 Bb7 4. h3 e6 5. Nf3 Be7 6. Bd3 O-O 7. O-O c5 8. c3 d6 9. Bh2 Re8 10. Qe2 a6 11. a4 Nc6 12. Nbd2 Rc8 13. Bxa6 Bxa6 14. Qxa6 Nd5 15. e4 Nf6 16. e5 dxe5 17. dxe5 Nd5 18. Qe2 Na5 19. Bg3 Qd7 20. Nc4 Ra8 21. Rfd1 Qc6 22. Nfd2 Nxc4 23. Qxc4 Ra7 24. Qb5 Qa8 25. Nc4 Rb8 26. Ra3 h6 27. Rda1 Bg5 28. Nd6 Bf4 29. Qd3 Bg5 30. Qf3 Rf8 31. Nb5 Ra5 32. Qe4 Qd8 33. Nd6 Be7 34. Nc4 Ra6 35. Nd6 Qd7 36. Qc4 Rfa8 37. Nb5 Ra5 38. Qe2 Qc6 39. Qf3 Qd7 40. Rd1 c4 41. Nd6 Bxd6 42. exd6 Rxa4 43. Rxa4 Rxa4 44. Qg4 Nf6 45. Qd4 Nd5 46. Qg4 Nf6 47. Qd4 Nd5 48. Be5 f6 49. Bg3 b5 50. Qg4 Ra7 51. Qe4 Rb7 52. h4 Qf7 53. Ra1 f5 54. Ra8+ Kh7 55. Qe5 f4 56. Qe4+ Qg6 57. Rh8+ Kxh8 58. Qxg6 fxg3 59. Qxg3 Nf6 60. Qe5 Kg8 61. Qxe6+ Kf8 62. Qc8+ 1-0

[Event "RUS-ch Blitz Men 2018"]
[Site "Sochi"]
[Date "2018.10.07"]
[Round "3"]
[White "Romanov, Evgeny"]
[Black "Stambulian, Arsen"]
[Result "1/2-1/2"]
[WhiteElo "2614"]
[BlackElo "2339"]
[Annotator "TA"]
[PlyCount "79"]
[EventDate "2018.10.07"]
[EventType "swiss"]
[EventCountry "RUS"]
[SourceTitle "playchess.com"]
[Source "ChessBase"]
[SourceQuality "1"]

1. d4 Nf6 2. Nf3 g6 3. Bg5 Bg7 4. Nbd2 d5 5. e3 O-O 6. b4 a5 7. b5 c5 8. bxc6 bxc6 9. Be2 Ba6 10. O-O Bxe2 11. Qxe2 Nbd7 12. Rab1 c5 13. c3 Rb8 14. h3 c4 15. e4 h6 16. Bf4 Rxb1 17. Rxb1 e6 18. Bd6 Re8 19. e5 Nh5 20. g3 Bf8 21. Bxf8 Rxf8 22. Nh2 Ng7 23. Ng4 h5 24. Ne3 Qc7 25. Nf3 Rb8 26. Rxb8+ Qxb8 27. Ng5 Nf8 28. Qf3 Qc7 29. g4 Nh7 30. Qf4 Nxg5 31. Qxg5 Qb6 32. Nf1 Qb1 33. Qd8+ Kh7 34. Qf8 Qd3 35. Qxf7 Qxh3 36. gxh5 Qxh5 37. Ng3 Qg5 38. Kg2 Qd2 39. Qe7 Qxc3 40. Qh4+ 1/2-1/2

[Event "RUS-ch Blitz Men 2018"]
[Site "Sochi"]
[Date "2018.10.07"]
[Round "3"]
[White "Esipenko, Andrey"]
[Black "Tsoi, Dmitry"]
[Result "1/2-1/2"]
[WhiteElo "2609"]
[BlackElo "2429"]
[Annotator "RC"]
[PlyCount "117"]
[EventDate "2018.10.07"]
[EventType "swiss"]
[EventCountry "RUS"]
[SourceTitle "playchess.com"]
[Source "ChessBase"]
[SourceQuality "1"]

1. d4 Nf6 2. Nf3 d6 3. Bf4 Nbd7 4. h3 b6 5. e3 Bb7 6. Be2 g6 7. a4 a5 8. Na3 Bg7 9. c3 O-O 10. O-O Re8 11. Bh2 e5 12. Nb5 Bf8 13. Qb3 c6 14. Na3 Qc7 15. Nc4 Rad8 16. Rad1 e4 17. Nfd2 Nd5 18. Rde1 N7f6 19. f3 Ba6 20. fxe4 Nxe4 21. Nxe4 Rxe4 22. Bd3 Rde8 23. Bxe4 Rxe4 24. Rf3 Qd8 25. Nd2 Qh4 26. Bg3 Qe7 27. Nxe4 Qxe4 28. Qd1 f5 29. Qd2 Qe6 30. Bh4 Bh6 31. b3 Qe4 32. Bf2 Qe6 33. Bh4 Qe4 34. c4 Nb4 35. Bg3 Nc2 36. Re2 Nb4 37. Bxd6 Nd3 38. Rf1 b5 39. axb5 cxb5 40. c5 b4 41. Bg3 Bb7 42. Rd1 Ba6 43. Rf2 Nxf2 44. Bxf2 Qd5 45. Bg3 Bb7 46. Qe2 Bxe3+ 47. Kh2 f4 48. Bh4 g5 49. Be1 Qe4 50. Qg4 h6 51. h4 Bd5 52. hxg5 Be6 53. Qh5 f3 54. Qxf3 Qc2 55. d5 Bd7 56. c6 Bc8 57. d6 Bf4+ 58. Bg3 Bxg3+ 59. Kxg3 1/2-1/2

[Event "RUS-ch Blitz Men 2018"]
[Site "Sochi"]
[Date "2018.10.07"]
[Round "3"]
[White "Pridorozhni, Aleksei"]
[Black "Gogolev, Artem"]
[Result "1-0"]
[WhiteElo "2574"]
[BlackElo "2389"]
[Annotator "TA"]
[PlyCount "157"]
[EventDate "2018.10.07"]
[EventType "swiss"]
[EventCountry "RUS"]
[SourceTitle "playchess.com"]
[Source "ChessBase"]
[SourceQuality "1"]

1. e4 c5 2. Nc3 Nc6 3. Bb5 g6 4. Bxc6 dxc6 5. d3 Bg7 6. f4 Nf6 7. Nf3 O-O 8. O-O Bg4 9. Qe1 c4 10. e5 Ne8 11. dxc4 Bxf3 12. Rxf3 Qd4+ 13. Be3 Qxc4 14. b3 Qe6 15. Bf2 Nc7 16. Ne4 f6 17. exf6 exf6 18. f5 gxf5 19. Ng3 Qxe1+ 20. Rxe1 Rfe8 21. Nxf5 Rxe1+ 22. Bxe1 Rd8 23. Bc3 Ne6 24. Nxg7 Nxg7 25. Bxf6 Rd1+ 26. Rf1 Rd2 27. c3 Rxa2 28. b4 Ne6 29. h4 h5 30. Kh2 Kf7 31. Kh3 Re2 32. Rf3 Kg6 33. Bh8 b6 34. g4 hxg4+ 35. Kxg4 Re4+ 36. Kg3 a5 37. bxa5 bxa5 38. c4 Rxc4 39. Bb2 Re4 40. Rf6+ Kh7 41. Rf7+ Kg6 42. Rf6+ Kh7 43. h5 Ng5 44. Rxc6 Re6 45. Rc8 Nf7 46. Ra8 Kh6 47. Rxa5 Rb6 48. Bc1+ Kg7 49. Ra7 Rb5 50. Kg4 Rb4+ 51. Bf4 Kg8 52. Kf3 Rb5 53. h6 Nxh6 54. Bxh6 Rb4 55. Bf4 Kf8 56. Kg4 Ke8 57. Kf5 Rb6 58. Bc7 Rc6 59. Ke5 Kd7 60. Bd6+ Kc8 61. Kd5 Rb6 62. Rh7 Rb7 63. Rh8+ Kd7 64. Bc5 Kc7 65. Rh6 Kd7 66. Bb6 Kc8 67. Kc6 Rc7+ 68. Kd6 Rd7+ 69. Kc6 Rc7+ 70. Kb5 Rf7 71. Bc5 Kd7 72. Rd6+ Ke8 73. Rg6 Rh7 74. Rf6 Rf7 75. Re6+ Kd7 76. Rh6 Ke8 77. Kc6 Rg7 78. Rf6 Rh7 79. Rf8# 1-0

[Event "RUS-ch Blitz Men 2018"]
[Site "Sochi"]
[Date "2018.10.07"]
[Round "3"]
[White "Bocharov, Ivan"]
[Black "Lugovskoy, Maxim"]
[Result "0-1"]
[WhiteElo "2563"]
[BlackElo "2428"]
[Annotator "ChessBase"]
[PlyCount "112"]
[EventDate "2018.10.07"]
[EventType "swiss"]
[EventCountry "RUS"]
[SourceTitle "playchess.com"]
[Source "ChessBase"]
[SourceQuality "1"]

1. e4 e6 2. d4 d5 3. Nd2 Nf6 4. e5 Nfd7 5. Bd3 c5 6. c3 Nc6 7. Ne2 cxd4 8. cxd4 f6 9. exf6 Qxf6 10. Nf3 h6 11. Qc2 Bd6 12. Bg6+ Ke7 13. O-O Rd8 14. Re1 Kf8 15. Nc3 Kg8 16. Be3 Nf8 17. Bh5 Bd7 18. a3 Rac8 19. Rad1 Be8 20. Bxe8 Rxe8 21. Qb3 Na5 22. Qb5 Nc4 23. Bc1 Qf7 24. Ne2 Ng6 25. Ng3 Nf4 26. Bxf4 Bxf4 27. Re2 a6 28. Qb3 Rc6 29. Rde1 Rec8 30. a4 Na5 31. Qb4 Nc4 32. b3 Bd6 33. Qc3 Ne5 34. Nxe5 Bxe5 35. Qb4 Bd6 36. Qd2 Bf4 37. Qb4 Rc2 38. Nf1 R8c6 39. Qa5 Bc7 40. Qb4 Bd6 41. Qa5 Qf8 42. Rxc2 Bb4 43. Rxc6 Bxa5 44. Rcxe6 Bxe1 45. Rxe1 Qb4 46. Re3 Qxd4 47. h3 Qd1 48. g4 d4 49. Rg3 d3 50. Kg2 Qxb3 51. Rf3 Qxa4 52. Rxd3 Qe4+ 53. Rf3 b5 54. Ng3 Qb7 55. Nf5 b4 56. Kg3 b3 0-1

[Event "RUS-ch Blitz Men 2018"]
[Site "Sochi"]
[Date "2018.10.07"]
[Round "3"]
[White "Bocharov, Dmitry"]
[Black "Sharafiev, Azat"]
[Result "1-0"]
[WhiteElo "2557"]
[BlackElo "2432"]
[Annotator "TA"]
[PlyCount "71"]
[EventDate "2018.10.07"]
[EventType "swiss"]
[EventCountry "RUS"]
[SourceTitle "playchess.com"]
[Source "ChessBase"]
[SourceQuality "1"]

1. Nf3 c5 2. e3 Nf6 3. d4 e6 4. c4 d5 5. cxd5 exd5 6. Bb5+ Nc6 7. Nc3 cxd4 8. Nxd4 Bd7 9. O-O Bd6 10. Be2 O-O 11. Ndb5 Be5 12. Nxd5 Nxd5 13. Qxd5 Qe7 14. Nc3 Be6 15. Qf3 Rfd8 16. h3 Qb4 17. a3 Qb3 18. Bd1 Qc4 19. Be2 Qb3 20. a4 Qb4 21. Rd1 Bxc3 22. bxc3 Qxc3 23. Rb1 Rxd1+ 24. Bxd1 Ba2 25. Bb2 Qb4 26. Qg3 g6 27. Qg5 Qe1+ 28. Kh2 Qxf2 29. Qc5 Bxb1 30. Qc3 f6 31. Qb3+ Kh8 32. Qxb7 Rf8 33. Ba3 Re8 34. Qxc6 Be4 35. Qxe8+ Kg7 36. Qf8# 1-0

[Event "RUS-ch Blitz Men 2018"]
[Site "Sochi"]
[Date "2018.10.07"]
[Round "3"]
[White "Sychev, Klementy"]
[Black "Kabanov, Nikolai"]
[Result "1-0"]
[WhiteElo "2534"]
[BlackElo "2481"]
[Annotator "TA"]
[PlyCount "31"]
[EventDate "2018.10.07"]
[EventType "swiss"]
[EventCountry "RUS"]
[SourceTitle "playchess.com"]
[Source "ChessBase"]
[SourceQuality "1"]

1. e4 c5 2. Nf3 a6 3. c3 e6 4. d4 d5 5. exd5 exd5 6. Bd3 Bd6 7. O-O Ne7 8. Ng5 h6 9. Qh5 O-O 10. Nh7 c4 11. Bc2 Re8 12. Bxh6 gxh6 13. Qxh6 Ng6 14. Bxg6 fxg6 15. Qxg6+ Kh8 16. Nf6 1-0

[Event "RUS-ch Blitz Men 2018"]
[Site "Sochi"]
[Date "2018.10.07"]
[Round "3"]
[White "Triapishko, Alexandr"]
[Black "Smirnov, Timofey"]
[Result "1-0"]
[WhiteElo "2508"]
[BlackElo "2332"]
[Annotator "ChessBase"]
[PlyCount "107"]
[EventDate "2018.10.07"]
[EventType "swiss"]
[EventCountry "RUS"]
[SourceTitle "playchess.com"]
[Source "ChessBase"]
[SourceQuality "1"]

1. Nf3 d5 2. b3 Bf5 3. Bb2 e6 4. g3 Nf6 5. Bg2 h6 6. O-O Nbd7 7. c4 c6 8. d3 Be7 9. Nbd2 O-O 10. a3 a5 11. Rc1 Bh7 12. Rc2 Rc8 13. Qa1 Qb6 14. Ne5 Nxe5 15. Bxe5 Rfd8 16. Bd4 Qa6 17. Nf3 Ne8 18. Rfc1 b5 19. cxd5 cxd5 20. a4 Rxc2 21. Rxc2 bxa4 22. bxa4 Rc8 23. Rxc8 Qxc8 24. Qc3 Qa6 25. Ne5 Bd8 26. Qc6 Qxc6 27. Nxc6 Bc7 28. Bc3 Bf5 29. Ne7+ Kf8 30. Nxf5 exf5 31. Bxd5 Ke7 32. e3 g6 33. Kg2 h5 34. h3 Nf6 35. Bc4 Nd7 36. f4 Bb6 37. Kf3 Nc5 38. Bb5 Ne6 39. Bd2 Kd6 40. g4 hxg4+ 41. hxg4 fxg4+ 42. Kxg4 f5+ 43. Kf3 Ke7 44. Bc1 g5 45. fxg5 Nxg5+ 46. Kf4 Kf6 47. Bb2+ Kg6 48. Be8+ Kh6 49. Kxf5 Bxe3 50. Bc3 Bb6 51. Bd2 Bd8 52. d4 Be7 53. d5 Bd8 54. d6 1-0

[Event "RUS-ch Blitz Men 2018"]
[Site "Sochi"]
[Date "2018.10.07"]
[Round "3"]
[White "Gabrielian, Artur"]
[Black "Truskavetsky, Alexandr"]
[Result "1-0"]
[WhiteElo "2499"]
[BlackElo "2393"]
[Annotator "ChessBase"]
[PlyCount "83"]
[EventDate "2018.10.07"]
[EventType "swiss"]
[EventCountry "RUS"]
[SourceTitle "playchess.com"]
[Source "ChessBase"]
[SourceQuality "1"]

1. e4 c6 2. d4 d5 3. Nd2 dxe4 4. Nxe4 Bf5 5. Ng3 Bg6 6. c3 Nf6 7. Nh3 e6 8. Nf4 Bd6 9. h4 Qc7 10. Qf3 Nbd7 11. h5 Bc2 12. Bd3 Bxd3 13. Nxd3 h6 14. O-O O-O 15. Bf4 Bxf4 16. Nxf4 Nd5 17. Nd3 c5 18. dxc5 Nxc5 19. Nxc5 Qxc5 20. Ne4 Qe7 21. c4 Nb4 22. Rad1 Rad8 23. a3 Nc6 24. c5 Nd4 25. Qe3 e5 26. Nd6 Qh4 27. Qxe5 Nc6 28. Qxg7+ Kxg7 29. Nf5+ Kf6 30. Nxh4 Kg5 31. Nf3+ Kxh5 32. b4 a6 33. g3 Kg6 34. Kg2 f5 35. Rfe1 f4 36. Rxd8 Rxd8 37. gxf4 Rd3 38. Ne5+ Nxe5 39. fxe5 Kf7 40. Rh1 Rxa3 41. Rxh6 Rb3 42. Rb6 1-0

[Event "RUS-ch Blitz Men 2018"]
[Site "Sochi"]
[Date "2018.10.07"]
[Round "3"]
[White "Chekhov, Sergei"]
[Black "Maletin, Pavel"]
[Result "0-1"]
[WhiteElo "2463"]
[BlackElo "2586"]
[Annotator "TA"]
[PlyCount "46"]
[EventDate "2018.10.07"]
[EventType "swiss"]
[EventCountry "RUS"]
[SourceTitle "playchess.com"]
[Source "ChessBase"]
[SourceQuality "1"]

1. e4 c5 2. d4 cxd4 3. Nf3 d6 4. Bc4 e6 5. Nxd4 Nf6 6. Nc3 a6 7. Bb3 Nbd7 8. O-O Nc5 9. Qf3 Be7 10. Bg5 O-O 11. Rad1 Qc7 12. Rfe1 Bd7 13. Qg3 Kh8 14. f4 e5 15. Nf3 exf4 16. Qxf4 Ne6 17. Qh4 Nxg5 18. Nxg5 Qc5+ 19. Kh1 h6 20. Nd5 Nxd5 21. Rxd5 Bxg5 22. Qh5 Qf2 23. Rdd1 g6 0-1

[Event "RUS-ch Blitz Men 2018"]
[Site "Sochi"]
[Date "2018.10.07"]
[Round "3"]
[White "Kozionov, Kirill"]
[Black "Matlakov, Maxim"]
[Result "1-0"]
[WhiteElo "2458"]
[BlackElo "2683"]
[Annotator "TA"]
[PlyCount "33"]
[EventDate "2018.10.07"]
[EventType "swiss"]
[EventCountry "RUS"]
[SourceTitle "playchess.com"]
[Source "ChessBase"]
[SourceQuality "1"]

1. d4 d6 2. Nf3 g6 3. c4 Bg7 4. Nc3 c5 5. dxc5 Bxc3+ 6. bxc3 dxc5 7. Qc2 Nc6 8. h3 Nf6 9. e4 Qc7 10. Bh6 Be6 11. Be2 O-O-O 12. O-O Nd7 13. Ng5 Nde5 14. f4 Bxc4 15. fxe5 Nxe5 16. Bxc4 Nxc4 17. Nxf7 1-0

[Event "RUS-ch Blitz Men 2018"]
[Site "Sochi"]
[Date "2018.10.07"]
[Round "3"]
[White "Drygalov, Sergey"]
[Black "Jary, Sergey"]
[Result "0-1"]
[WhiteElo "2446"]
[BlackElo "2286"]
[Annotator "NA"]
[PlyCount "88"]
[EventDate "2018.10.07"]
[EventType "swiss"]
[EventCountry "RUS"]
[SourceTitle "playchess.com"]
[Source "ChessBase"]
[SourceQuality "1"]

1. d4 Nf6 2. c4 e6 3. Nf3 Bb4+ 4. Bd2 Qe7 5. g3 O-O 6. Bg2 d5 7. Qc2 b6 8. O-O Ba6 9. b3 Bxd2 10. Nbxd2 c5 11. dxc5 Qxc5 12. Rac1 Nbd7 13. Qb2 Qe7 14. Nd4 Rfc8 15. cxd5 exd5 16. Rxc8+ Rxc8 17. Rc1 Rc5 18. a3 Ne5 19. b4 Rxc1+ 20. Qxc1 Nc4 21. N2f3 Ne4 22. e3 b5 23. Nb3 Bc8 24. Nfd4 Bd7 25. f3 Ned2 26. Qc3 Nxb3 27. Nxb3 Qxe3+ 28. Qxe3 Nxe3 29. Nc5 Bc6 30. f4 Nc2 31. Nd3 Nxa3 32. Ne5 Bb7 33. Nd7 Nc2 34. Nc5 Bc6 35. Nd3 f6 36. Kf2 Kf8 37. Ke2 Ke7 38. Kd2 Nd4 39. Kc3 Nf5 40. Kd2 Kd6 41. Bh3 Nd4 42. Kc3 Nf3 43. Nc5 Nxh2 44. Bg2 d4+ 0-1

[Event "RUS-ch Blitz Men 2018"]
[Site "Sochi"]
[Date "2018.10.07"]
[Round "3"]
[White "Vastrukhin, Oleg"]
[Black "Gochelashvili, David"]
[Result "0-1"]
[WhiteElo "2413"]
[BlackElo "2419"]
[Annotator "NA"]
[PlyCount "82"]
[EventDate "2018.10.07"]
[EventType "swiss"]
[EventCountry "RUS"]
[SourceTitle "playchess.com"]
[Source "ChessBase"]
[SourceQuality "1"]

1. g3 g6 2. Bg2 Bg7 3. c4 d6 4. Nc3 e5 5. e3 Nc6 6. Nge2 Be6 7. b3 Qd7 8. Nd5 Nd8 9. Bb2 c6 10. Ndf4 Bf5 11. e4 Bg4 12. h3 Bxe2 13. Nxe2 c5 14. O-O Ne6 15. f4 Nd4 16. Nxd4 cxd4 17. Qf3 Nf6 18. fxe5 dxe5 19. Ba3 h5 20. d3 Qe6 21. Rf2 Qa6 22. Bb4 Qb6 23. Ba3 Qa6 24. Bc1 O-O 25. Bg5 Nh7 26. Be7 Bh6 27. Bxf8 Rxf8 28. Kh2 Be3 29. Rff1 Qa3 30. Qe2 Kg7 31. h4 a5 32. Rf3 Nf6 33. Bh3 Ng4+ 34. Bxg4 hxg4 35. Rxe3 dxe3 36. Rd1 f5 37. exf5 Rxf5 38. Qxe3 Qxa2+ 39. Rd2 Qxb3 40. Qe4 Qb1 41. Rg2 Qd1 0-1

[Event "RUS-ch Blitz Men 2018"]
[Site "Sochi"]
[Date "2018.10.07"]
[Round "3"]
[White "Bykov, Oleg"]
[Black "Sarana, Alexey"]
[Result "0-1"]
[WhiteElo "2411"]
[BlackElo "2641"]
[Annotator "TA"]
[PlyCount "52"]
[EventDate "2018.10.07"]
[EventType "swiss"]
[EventCountry "RUS"]
[SourceTitle "playchess.com"]
[Source "ChessBase"]
[SourceQuality "1"]

1. d4 Nf6 2. c4 g6 3. Nc3 d5 4. Bg5 Ne4 5. Bh4 Nxc3 6. bxc3 dxc4 7. e3 b5 8. a4 c6 9. axb5 Bg7 10. Bxc4 O-O 11. Nf3 Qc7 12. Bg3 Qb6 13. bxc6 Nxc6 14. O-O a5 15. Be2 Bf5 16. c4 Nb4 17. c5 Qe6 18. Nd2 Bc2 19. Qc1 Rfc8 20. Bg4 Qxg4 21. Nc4 Bd3 22. Nb6 Bxf1 23. Qxf1 h5 24. h3 Qe6 25. Qb5 Qc6 26. Qc4 Qxb6 0-1

[Event "RUS-ch Blitz Men 2018"]
[Site "Sochi"]
[Date "2018.10.07"]
[Round "3"]
[White "Dzhumagaliev, Yan"]
[Black "Inozemtsev, Sergei"]
[Result "1/2-1/2"]
[WhiteElo "2410"]
[BlackElo "2310"]
[Annotator "TA"]
[PlyCount "154"]
[EventDate "2018.10.07"]
[EventType "swiss"]
[EventCountry "RUS"]
[SourceTitle "playchess.com"]
[Source "ChessBase"]
[SourceQuality "1"]

1. d4 e6 2. Nf3 Nf6 3. c4 b6 4. g3 Ba6 5. b3 d5 6. Bg2 Bb4+ 7. Bd2 Be7 8. cxd5 Nxd5 9. O-O O-O 10. Nc3 Nc6 11. Nxd5 exd5 12. Rc1 Qd7 13. Bf4 f6 14. Qc2 Bb7 15. h4 Ba3 16. Rcd1 Rfe8 17. Kh2 Qf7 18. Bh3 Nb4 19. Qd2 Bc8 20. Bxc8 Raxc8 21. Kg2 Qd7 22. h5 Nc6 23. Qc2 Ne7 24. Rh1 Qf5 25. Qc3 a5 26. Bc1 Bb4 27. Qd3 Qe4 28. Qxe4 dxe4 29. Nd2 Nd5 30. a3 Bf8 31. e3 f5 32. Bb2 Bd6 33. Nc4 Red8 34. Rc1 Kf7 35. Rc2 Ke6 36. Rhc1 Kd7 37. h6 g6 38. Ne5+ Bxe5 39. dxe5 c5 40. g4 Ke6 41. Kg3 Rd7 42. Re2 Rf8 43. f3 exf3 44. Kxf3 fxg4+ 45. Kxg4 Ne7 46. e4 Rd3 47. Rc3 Rff3 48. Rxd3 Rxd3 49. b4 axb4 50. axb4 c4 51. b5 c3 52. Ba3 Rd2 53. Re3 c2 54. Rc3 Re2 55. Kf3 Rh2 56. Kg3 Re2 57. Kf3 Rh2 58. Kg4 Re2 59. Rc7 Ng8 60. Rc6+ Kxe5 61. Kf3 Rxe4 62. Bb2+ Kd5 63. Rxc2 Rb4 64. Bg7 Rh4 65. Rc6 Nxh6 66. Rxb6 Nf5 67. Bf6 Rb4 68. Rb8 Nd4+ 69. Bxd4 Kxd4 70. Rb7 h5 71. Rg7 Rb3+ 72. Kf4 Rb1 73. Rxg6 Rf1+ 74. Kg5 Rg1+ 75. Kxh5 Rxg6 76. Kxg6 Kc5 77. b6 Kxb6 1/2-1/2